000
00315nam a2200133Ia 4500
008
210210b1978 xxu||||| |||| 00| 0 eng d
082
_a
346.01 NEWA
100
_a
-
245
_a
New acts of Hindu law.
260
_a
Allahabad
_b
Allahabad Law Agency
_c
1978
300
_a
9
690
_a
Private Law
906
_a
046150
999
_c
95555
_d
95555